000 00427nam a2200157Ia 4500
008 210210b2000 xxu||||| |||| 00| 0 eng d
020 _a81 7169 610 4
082 _a307.72 DUBR
100 _aDUBEY (M K).
245 _aRural and urban development in India.
260 _aNew Delhi.
_bCommon Wealth Publishers.,
_c2000
300 _avi,344
650 _aRural Urban Development
690 _aCommunitie
906 _a05788
999 _c105175
_d105175